[Event "WCPL U1850"]
[Site "?"]
[Date "2024.10.13"]
[Round "1.4"]
[White "Fox, Chris"]
[Black "Hoccom, Sebastian"]
[Result "0-1"]
[WhiteElo "1799"]
[BlackElo "1394"]
[Annotator "kemen"]
[PlyCount "82"]
[EventDate "2024.10.15"]

{[%evp 0,5,19,-18,-25,-51,-22,-38]} 1. c4 e5 2. g3 Nf6 3. Bg2 c6 (3... d5 {main}) 4. e3 (4. d4) (4. Nc3 {main lines}) 4... d5 5. cxd5 cxd5 6. d4 {31% for Wh} (6. Ne2 {main, 51 % for Wh}) 6... exd4 (6... e4 7. Ne2 {47% for Wh}) 7. Qxd4 Nc6 8. Qd1 (8. Qa4 $11 {1 draw, 2 Bl wins}) 8... Bb4+ 9. Bd2 Bxd2+ 10. Qxd2 O-O 11. Ne2 Bf5 (11... Be6 12. Nbc3 $11 {0-2}) 12. Nbc3 Nb4 (12... Qb6 13. O-O Rad8 $11 {SF17}) 13. O-O $16 Be6 14. Nd4 (14. Nf4 $16) 14... Nc6 15. Nce2 Nxd4 16. Nxd4 Nd7 17. Nxe6 fxe6 18. Rac1 Rc8 19. Rxc8 Qxc8 20. Rc1 Qb8 21. e4 $18 Rd8 22. exd5 Nf6 23. Rd1 (23. Re1 exd5 24. Re7 Kf8 25. Qe3 Ne4 26. Qa3 Qd6 27. Qxd6 Nxd6 28. Rc7 d4 29. Kf1 $18 {SF17}) 23... exd5 24. Qd4 $16 b6 25. a3 Qc7 26. Qd2 Qc5 27. b4 Qc4 28. Qd3 (28. Rc1 Qg4 29. Rc7 Rd7 30. Rc8+ Kf7 31. h4 $16 {SF17}) 28... Qxd3 29. Rxd3 Kf7 $11 30. Bf3 g5 31. h3 h6 32. g4 $6 {cuts down on the prospects for the B & hands over f4 to Bl} (32. Rc3 $11) 32... Ke6 $15 33. Bd1 d4 34. Kg2 Ke5 (34... Nd5 $19) 35. Kf3 (35. Rf3 Rf8 36. Ba4 Nh7 37. Rd3 Rc8 $15 {SF17}) 35... Nd5 $19 36. Bb3 Nf4 (36... Rf8+ $1 37. Kg3 Nf4 38. Rd1 Rc8 39. Re1+ Kf6 40. Kh2 Rc3 41. Rb1 d3 $19 {SF17}) 37. Rd1 d3 (37... Rc8 38. Re1+ Kd6 39. Rb1 Nxh3 $19) 38. Ke3 Nxh3 (38... Rc8 39. Rb1 Rc3 40. b5 Nxh3 41. Kd2 Kd4 $19 {SF17}) 39. Rh1 Nf4 40. Rxh6 d2 41. Rh1 Rd3# 0-1

[Event "WCPL U1850"]
[Site "?"]
[Date "2024.10.13"]
[Round "1.1"]
[White "Jones, Martin C"]
[Black "Di-Vetta, Andrew"]
[Result "1/2-1/2"]
[WhiteElo "1818"]
[BlackElo "1786"]
[Annotator "kemen"]
[PlyCount "81"]
[EventDate "2024.10.15"]

1. d4 d5 2. c4 e6 3. Nf3 Nf6 4. g3 c6 5. Bg2 (5. Qb3 Qb6 6. Nbd2 Qxb3 7. axb3 Nbd7 8. Bg2 Bd6 9. O-O O-O 10. c5 Bc7 11. b4 e5 {Jones-Horrell, S Wales Autumn Premier , Newport 2019,1/2-1/2}) 5... Bb4+ (5... Nbd7 {main}) 6. Bd2 a5 7. O-O O-O 8. Bg5 $11 {73% for Wh} (8. Qc2 {main, 59% for Wh}) 8... h6 $146 (8... Be7 $11 {6-4-1}) 9. Bxf6 Qxf6 10. c5 $14 Nd7 (10... b6 11. a3 Bxc5 12. dxc5 Qxb2 13. Nbd2 bxc5 14. Qa4 c4 15. h4 Qf6 16. Rac1 $14 {SF17}) 11. a3 (11. Qb3 b6 12. a3 Ba6 13. axb4 axb4 14. Nbd2 Bxe2 15. Rxa8 Rxa8 16. Rc1 bxc5 17. dxc5 $16 {SF17}) 11... Bxc5 12. dxc5 Qxb2 13. Qd4 (13. Nbd2 a4 14. e4 $16 {SF17}) 13... Qxd4 14. Nxd4 Nxc5 15. Rc1 Na6 (15... b6 16. Nd2 (16. Nxc6 Nb3) 16... Bd7 17. f4 $16 {SF17}) 16. Nc3 $18 e5 17. Nf3 (17. Nb3 Be6 18. Na4 Ra7 19. Rab1 Bf5 20. e4 dxe4 21. Nbc5 $18 {SF17}) 17... f6 {Bl does have 3 pawns for the piece, and it is not that clear where the weakspot in the pawn mass will be.} 18. Rab1 (18. Na4 Ra7 19. Nd2 Rd8 20. Nb6 Be6 21. e4 $18 {SF17, but there is still a lot of play left}) 18... Ra7 19. Nd2 Be6 20. Rb6 Rd8 21. Rcb1 (21. Nb5 $1 {SF17} Raa8 (21... cxb5 22. Rxe6 b4 23. a4 Kf7 24. Rb6 Ke7 25. Rb5 $18) 22. Rxa6 Rxa6 23. Nc7 Bd7 24. Nxa6 bxa6 25. Nb3 Kf8 26. Nxa5 $18 {SF17}) 21... Nc5 $14 22. h4 g5 (22... Kf7 $11 {SF17}) 23. hxg5 hxg5 24. f3 Kg7 $11 25. Kf2 Rh8 (25... Kf7 26. Rh1 Raa8 27. Nb3 Nxb3 28. Rxb7+ Kg8 29. Rh6 Nc5 30. Rg6+ Kh8 31. Rh6+ {perpetual- SF17}) 26. Rh1 (26. Nb3 Nxb3 27. R1xb3 Bc8 28. Na4 Kf8 29. e4 d4 30. f4 $16 {SF17}) 26... Rxh1 27. Bxh1 Nd7 $15 (27... Kf7 $15) 28. Rb1 b5 29. Bg2 a4 30. g4 {doesnt' do much for Wh's B} (30. Na2 $11) 30... Ra8 (30... Nc5 31. Bf1 Bf7 32. Na2 Nb3 33. Rb2 Kf8 34. e3 Ke7 35. Be2 Ra8 $15 {SF17}) 31. Nf1 Nc5 32. Nd2 (32. Ng3 $5 Nb3 33. e3 Nd2 34. Rh1 Nc4 35. Ra1 Rh8 36. Nh5+ Kf7 37. Bf1 Nd6 38. Rc1 f5 $15 {SF17}) 32... Rh8 33. Kg3 Kf7 (33... Nb3 $1 34. Nxb3 axb3 35. Bf1 c5 36. Nxb5 c4 37. e3 Rc8 $19 {SF17 has finally found a way to get the Bl pawns moving}) 34. Bf1 d4 (34... Nb3 35. Nxb3 axb3 36. Nxb5 cxb5 37. Rxb3 Ra8 38. e3 d4 39. Rxb5 dxe3 40. Rb7+ Kg8 41. Rb6 Kf7 42. Rb7+ Kf8 43. Rb6 Bd5 44. Rxf6+ Ke7 45. Rg6 Rxa3 46. Rxg5 $11 {SF17}) 35. Nce4 Nb3 36. Nxb3 Bxb3 (36... axb3 $5 37. Nc5 $11 {in the previous winning line Bl was able to get c5 in}) 37. Rc1 Bd5 38. Nc5 Ke7 39. Kf2 (39. e3 dxe3 40. Be2 Kd6 41. Ne4+ $11 {Sf17}) 39... Rh1 40. Kg2 Rh4 41. Kg3 $11 {a game very difficult to play , or even to know how to assess at any stage,} 1/2-1/2

[Event "WCPL U1850"]
[Site "?"]
[Date "2024.10.13"]
[Round "1.2"]
[White "Westcott, Dale"]
[Black "Jones, Huw"]
[Result "1-0"]
[WhiteElo "1760"]
[BlackElo "1783"]
[Annotator "kemen"]
[PlyCount "83"]
[EventDate "2024.10.15"]

{[%evp 0,19,25,19,18,-9,7,17,-4,-10,-15,-7,3,-6,1,1,1,1,16,34,36,27]} 1. Nf3 Nf6 2. g3 (2. c4 c5 3. g3 Nc6 4. Bg2 d5 5. cxd5 Nxd5 6. Nc3 Nxc3 7. bxc3 e5 8. O-O Be7 9. d3 O-O 10. Rb1 {Heap-Jones, Dyfed Closed 2018,1-0}) 2... c5 3. Bg2 d5 4. O-O Nc6 5. d4 cxd4 (5... e6 {main} 6. c4 Be7 7. cxd5 exd5 8. dxc5 Bxc5 9. b3 O-O 10. Bb2 Bf5 11. Nc3 {Westcott-Schmerwitz, Hull BCF ch AM U1900, 2024,1-0}) 6. Nxd4 e5 7. Nxc6 bxc6 8. c4 {quite a dangerous option for Bl, as Wh has a standard Gruenfeld with an extra move against a centre that comes underheavy attack} e4 (8... Be6 {main 63% for Wh}) 9. Nc3 {74% for Wh} Be7 10. cxd5 (10. Bg5 {58% for Wh}) 10... cxd5 11. Bf4 (11. Bg5) 11... a6 (11... O-O {1-1}) 12. Qa4+ Bd7 13. Qd4 (13. Qb3 Be6 14. Rfd1 O-O 15. Nxe4 $16 {SF17}) 13... Bc6 {leaves the B loose} (13... Be6) 14. Rac1 Qd7 15. Rfd1 (15. Qb6 $16) (15. Na4 Bxa4 16. Rc7 Qb5 17. Rfc1 Rd8 18. Bh3 h5 19. e3 Qb4 20. Qe5 O-O 21. Qxe7 Qxe7 22. Rxe7 $16 {Sf17}) 15... Qb7 16. Na4 $18 O-O (16... Bxa4 17. Qxa4+ Qb5 (17... Qd7 18. Qxd7+ Kxd7 19. Bh3+ Kd8 20. Rc6 $18) 18. Qxb5+ axb5 19. Rc7 Rxa2 20. Rb7 Ra8 21. e3 Kf8 22. Rc1 Ne8 23. Rxb5 $18 {SF17}) 17. Qb6 Rac8 18. Bh3 Qa8 19. Bxc8 Rxc8 20. Qb3 Bxa4 21. Qxa4 Rc4 22. Rxc4 dxc4 23. Qxc4 Qb7 24. Qc7 Qb4 25. Qb8+ (25. Qc8+ Bf8 26. Bd6 {Sf17}) 25... Qxb8 26. Bxb8 h5 27. Be5 Ng4 28. Bc7 (28. Rd7 Bg5 29. Bd4) 28... h4 29. Bd8 Bc5 30. e3 h3 31. Rd5 Bb4 32. Ba5 Be7 33. a3 g6 34. Rd7 Bf6 35. Bc3 Bxc3 36. bxc3 Ne5 37. Ra7 Nf3+ 38. Kh1 Nd2 39. Rxa6 Nb1 40. c4 Nc3 41. c5 Nd1 42. Kg1 1-0

[Event "WCPL U1850"]
[Site "?"]
[Date "2024.10.13"]
[Round "1.3"]
[White "Prabhu, Vismith"]
[Black "Beck, Anthony"]
[Result "1/2-1/2"]
[WhiteElo "1733"]
[BlackElo "1730"]
[Annotator "kemen"]
[PlyCount "68"]
[EventDate "2024.10.15"]

{[%evp 0,19,14,14,27,-9,5,4,39,34,106,78,94,83,70,66,94,56,70,24,61,22]} 1. d4 d5 2. c4 e6 3. Nc3 c6 4. Nf3 f5 5. Bf4 Nf6 6. e3 Bd6 7. Bd3 O-O 8. Qc2 (8. O-O {main}) 8... Ne4 9. c5 Bc7 10. b4 (10. O-O $16 {7-4-2}) 10... a6 (10... h6 11. Bxc7 Qxc7 12. Ne5 Nd7 13. f4 Kh7 14. g4 g6 15. Bxe4 (15. h4 $16) 15... fxe4 16. Nxd7 Bxd7 17. Qd2 g5 $15 {Guzman Vera-Barboza Viquez,Pan-American ch Schools U13, 2019, 1/2-1/2}) 11. a4 Nd7 12. Rb1 (12. Ne2 $16) 12... g5 (12... e5 13. Bxe5 Bxe5 14. Nxe5 Nxe5 15. dxe5 a5 16. O-O axb4 17. Rxb4 Qe7 $11 {SF17}) 13. Bxe4 (13. Bxc7 Qxc7 14. Bxe4 fxe4 15. Nxg5 Nf6 16. f4 $16 {17}) 13... gxf4 14. Bd3 fxe3 15. fxe3 Kh8 (15... Qf6 16. Ne2 e5 17. Nxe5 Nxe5 18. dxe5 Qxe5 19. Qd2 Bd7 $15 {SF17}) 16. g3 Qe8 17. Kd1 $6 (17. O-O $11) 17... Qh5 18. Be2 Qh6 19. Qd2 Bxg3 $17 20. Kc2 Bc7 21. h4 Nf6 (21... e5) 22. Ng5 Ne4 $6 (22... e5 $19 {SF17- brings Bl's Q side into play}) 23. Ncxe4 fxe4 (23... dxe4 $16) 24. Rbf1 $18 Bd7 (24... Rxf1 25. Bxf1 Qg6 26. Qf2 Qf5 27. Qg2 Qg6 28. Be2 h6 29. Rf1 Bd7 30. Rf7 hxg5 31. Rxd7 Bd8 32. Rxb7 $18 {SF17}) 25. Nf7+ Rxf7 26. Rxf7 Rd8 27. Rg1 e5 28. Rgg7 (28. Bh5 $1 Be8 (28... Qxh5 29. Qf2 Qh6 30. Rf6 Qh5 31. Rf8+ Rxf8 32. Qxf8#) 29. Rxc7 Bxh5 30. Qf2 Rf8 31. Qg3 $18 {SF17}) 28... Qxg7 29. Rxg7 Kxg7 30. Bh5 Rf8 31. Qg2+ Kh8 32. Qg5 exd4 33. exd4 Rg8 34. Qe7 (34. Qf6+ Rg7 35. Bf7 e3 36. h5 $18 Bf5+ (36... h6 37. Qxh6+ Rh7 38. Qf8#) 37. Qxf5 Rg2+ 38. Kd3 Kg7 39. h6+ Kxh6 40. Qf6+ Rg6 41. Bxg6 hxg6 42. Qh4+ Kg7 43. Qe7+ Kh6 44. Qxc7 $18 {f17}) 34... Rg7 {Draw agreed, it appears that Bl has a fortress, however} (34... Rg7 35. Qf8+ Rg8 36. Qf6+ Rg7 37. Bf7 e3 38. Kd3 (38. h5 Bf5+ 39. Qxf5 Rg2+ 40. Kd3) 38... e2 39. Kxe2 Bf5 40. Qxf5 $18) 1/2-1/2

[Event "WCPL U1850"]
[Site "?"]
[Date "2024.10.13"]
[Round "1.4"]
[White "Francis, William"]
[Black "Daniel, Christopher"]
[Result "0-1"]
[WhiteElo "1489"]
[BlackElo "1791"]
[Annotator "kemen"]
[PlyCount "76"]
[EventDate "2024.10.15"]

1. d4 Nf6 2. c4 g6 3. Nc3 Bg7 4. e4 d6 5. Nf3 O-O 6. Be3 Nbd7 (6... e5 {main}) 7. Be2 e5 8. d5 a6 (8... Ng4) (8... a5) (8... Nc5 {main lines}) 9. O-O (9. Nd2) (9. h3) 9... Qe7 (9... Ng4) (9... Ne8 {main lines}) 10. h3 (10. Nd2 Ne8 $14 {0-2,}) 10... Nh5 {Houdini1.5} (10... Ne8 {SF17- the N defends the entry point at c7 after the standard opening of the c file by Wh}) 11. Qd2 (11. g3 f5 12. exf5 gxf5 13. Ng5 f4 14. Ne6 fxe3 15. Nxf8 Nxf8 16. Bxh5 Bxh3 17. Re1 exf2+ 18. Kxf2 Nd7 19. Bg4 Rf8+ 20. Kg1 Qg5 21. Be6+ Bxe6 22. Ne4 Qg6 23. dxe6 Nf6 $14 {SF17}) 11... Bh8 {a bit convoluted} (11... f5 12. Bg5 Qf7 13. exf5 gxf5 14. Nh4 Ndf6 15. g3 Bd7 16. Kh2 b5 $11 {SF17}) (11... Nf4 {vk-is an interesting line opening sacrifice} 12. Bxf4 (12. Bd1 {SF17 decines the kind offer}) 12... exf4 13. Qxf4 f5 14. exf5 Nc5 15. f6 Bxf6 16. Qd2 Bd7 $11 {Sf17}) 12. a3 (12. Rae1 $16 {SF17}) (12. b4 {vk- Wh gets on with opening the c file to counter Bl's play on the K side- a3 is not need to enforce or protect the b4, which prepares c5} f5 13. Qc2 Nf4 14. c5 Nxe2+ 15. Qxe2 f4 16. Bd2 g5 17. c6 $11 {SF17 , which means here not level, but that both sides have equal chances}) 12... Ng7 (12... f5 13. exf5 gxf5 $11 {SF17}) 13. b4 (13. Bh6 f5 14. exf5 gxf5 15. Rae1 $16 {SF17}) 13... f5 14. exf5 Nxf5 {also main choice of SF17 here. However} (14... gxf5 {is a more normal choice here, as 'every Russian schoolboy knows' David Bronstein}) 15. Bg5 Nf6 (15... Bf6 $5) 16. Bd3 h6 $6 {a dubious pawn sacrice, though Bl does get some pressure down the h file} (16... Bg7 17. Rae1 (17. g4 h6 $5) 17... h6) 17. Bxh6 $18 Re8 (17... Rf7 $5) 18. Ne4 Qh7 19. Bg5 Nxe4 20. Bxe4 Rf8 21. Rad1 {the R does nothing on this blocked file} (21. Rac1) (21. Rfe1) 21... Bd7 22. h4 {it is seldom a good idea to make unforced pawn moveson the dide where one is under attack ( they can't return) . Wh's chances against the Kings Indian usuallt require using the space advantage on the Q side and opening up there, to then go after the K} (22. c5 $18 {SF17}) 22... Qh5 23. Rc1 {[%emt 0:00:21] admitting the error on move} (23. c5 $18) 23... Qg4 {occupying the hole left by Wh's pawn advance, but the Q herself could face problems here} 24. Qd3 (24. Rfe1 {vk & SF17} Bf6 25. c5 Nxh4 26. Bxh4 Bxh4 27. cxd6 cxd6 28. Qh6 $18 (28. Rc7 $18)) 24... Bf6 25. Nh2 Qh5 26. g4 $18 Qh8 (26... Qh7 {protects f5}) 27. gxf5 Bxg5 28. hxg5 gxf5 29. Bg2 Rf7 30. Qe2 (30. f4 {stops the pawns} Rh7 (30... e4 31. Qc3 {and the N will find a wonderful post on e3. Meanwhile Wh always has c5 as a way in}) 31. fxe5 Qxe5 (31... dxe5 32. d6) 32. Nf3 Qg3 33. Rce1 $18) (30. c5 Bb5 31. Qg3 Bxf1 32. Nxf1 Raf8 33. f4 {SF17 , the bl Rs have no chance of any actity while Wh;s B & N & R do.}) 30... Rh7 31. Nf3 f4 32. Qe4 $6 {Qs are very bad blockaders, smaller fry easily chase them off} (32. Nd2 {Ns are far better} Rh2 33. Qf3 Qh4 34. Rfe1 $16 {SF17}) (32. c5 $18 {SF17- the QR is keen to get into the action}) 32... Rf8 $11 33. Qg6+ Rg7 (33... Qg7 34. Qxg7+ Rxg7 35. Rfe1 $18) 34. Qc2 $2 (34. Qh6 {Wh has to settle for a draw here} Rh7 35. Qg6+ Rg7) 34... Bf5 $19 35. Qe2 e4 {Bl regains the piece, and Wh's QR is still not taking part} 36. Qb2 $2 {compounds Wh's problems} exf3 37. Bxf3 Rxg5+ 38. Bg2 Qxb2 0-1

[Event "WCPL U1850"]
[Site "?"]
[Date "2024.10.13"]
[Round "1"]
[White "Bartlett-Davis, Otto"]
[Black "Stephens, Kevin"]
[Result "1/2-1/2"]
[WhiteElo "1386"]
[BlackElo "1683"]
[Annotator "kemen"]
[PlyCount "35"]
[EventDate "2024.10.15"]

{[%evp 0,20,30,26,26,-1,10,-6,15,15,25,24,25,19,49,41,56,48,31,36,42,51,51] Game played for grading as both players had a default against them.} 1. d4 Nf6 2. c4 e6 3. a3 {a little passive, but Wh can afford this, while avoiding opening surprises} (3. Nc3) (3. Nf3) (3. g3) 3... d5 4. Nc3 b6 (4... Be7) (4... c5) (4... c6 {main lines}) 5. Bg5 Be7 6. Nf3 c6 7. cxd5 (7. e3 {a somewhat unorthodox Othodox Queens Gambit Declined}) 7... Nxd5 8. Bxe7 Qxe7 9. Nxd5 cxd5 10. e3 {Bl has slightly weakened his Q side} O-O (10... Nd7 11. Bd3 Bb7 12. O-O O-O 13. Rc1 Rfc8 14. Qd2 $11 {Taborska-Zdrazil, Tatry op 2010, 1/2-1/2} (14. Qa4 $11 {Perez Sanchez-Mizzau, Rosario Bandera Memorial 2017, 1-0})) 11. Bd3 Ba6 12. Bxa6 Nxa6 13. Qd3 Nb8 14. O-O Nd7 15. Rac1 Qd6 (15... Rfc8 $11) 16. h3 (16. Qa6 Rfd8 17. Rfd1 e5 18. dxe5 Nxe5 19. Nxe5 Qxe5 20. Rd4 $16 {SF17}) 16... Rfc8 17. Qa6 Rc7 18. Qe2 $11 1/2-1/2

[Event "WCPL"]
[White "Harakis, Alexis"]
[Black "Toczek, Grzegorz"]
[Site "Bridgend"]
[Round "2.1"]
[Board "1"]
[Annotator "Home"]
[Result "1-0"]
[Date "2025.02.02"]
[WhiteElo "2209"]
[BlackElo "2237"]
[PlyCount "99"]
[GameId "2140962314190647"]
[EventDate "2025.02.02"]
[EventType "team-tourn"]
[EventCountry "WLS"]
[WhiteTeam "White Knights"]
[BlackTeam "Cardiff"]

{[%evp 0,99,12,33,11,19,18,17,29,5,-47,11,14,18,13,-7,-7,-7,29,28,36,-14,-5,-15,-15,-15,-17,-27,-25,-227,-10,159,44,-35,30,128,52,124,51,54,57,168,56,143,61,40,39,37,-102,33,-140,30,33,34,35,33,27,19,136,10,171,16,-16,11,-34,14,4,-10,-1,-1,1,1,1,1,-1,15,-135,8,56,47,1,1,1,1,1,-1,39,-56,-80,-192,-198,-239,-1,-1,162,180,38,1,-1,1,240,332]} 1. d4 d5 2. c4 e6 3. Nc3 c5 4. e3 Nf6 5. Nf3 Nc6 6. a3 a6 7. dxc5 Bxc5 8. b4 Be7 9. Bb2 O-O 10. Rc1 dxc4 11. Bxc4 Qxd1+ 12. Kxd1 b5 13. Bd3 Bb7 14. Ne4 Nxe4 15. Bxe4 Rac8 16. Ke2 f5 17. Bb1 Bf6 18. Bxf6 gxf6 19. Ba2 Kf7 20. Rc5 Ke7 21. Rhc1 Rfd8 22. Ne1 Ne5 23. Rxc8 Rxc8 24. Rxc8 Bxc8 25. Nc2 Kd6 26. Nd4 Ng6 27. Nb3 f4 28. e4 e5 29. Nc5 Ne7 30. Bb3 Nc6 31. Bd5 Nd4+ 32. Kd3 a5 33. Bb7 axb4 34. axb4 f3 35. g3 Bh3 36. Bd5 h6 37. Nb3 Bf1+ 38. Kd2 f5 39. Nxd4 exd4 40. Bb7 fxe4 41. Bxe4 Be2 42. Bd3 Kd5 43. h4 Bxd3 44. Kxd3 h5 45. Kd2 Ke4 46. Kc2 d3+ 47. Kc3 d2 48. Kxd2 Kd4 49. g4 hxg4 50. h5 1-0

[Event "WCPL"]
[White "Fathallah, Joe"]
[Black "Yeo, Gareth"]
[Site "Bridgend"]
[Round "2.1"]
[Board "2"]
[Annotator "Home"]
[Result "1/2-1/2"]
[Date "2025.02.02"]
[WhiteElo "2044"]
[BlackElo "1993"]
[PlyCount "40"]
[GameId "2140949865418871"]
[EventDate "2025.02.02"]
[EventType "team-tourn"]
[EventCountry "WLS"]
[WhiteTeam "Cardiff"]
[BlackTeam "White Knights"]

{[%evp 0,40,11,32,25,17,11,41,18,-4,14,16,32,33,33,29,33,39,33,34,15,15,17,-22,-3,-7,-22,-26,-27,-55,-41,-58,-79,-87,-40,-49,-56,-55,-30,0,-70,-27,-33]} 1. d4 d5 2. c4 e6 3. Nc3 Nf6 4. cxd5 exd5 5. Bg5 Be6 6. e3 Nbd7 7. Bd3 c6 8. Nge2 h6 9. Bh4 g5 10. Bg3 Nh5 11. Qc2 Nxg3 12. Nxg3 h5 {(=)} 13. Nf5 Qf6 14. Rd1 Nb6 15. O-O O-O-O 16. a4 Kb8 17. a5 Nc4 18. a6 b6 19. Bxc4 Bxf5 20. Bd3 Bc8 1/2-1/2

[Event "WCPL"]
[White "Davis, Lee"]
[Black "de la Cruz, Ivan"]
[Site "Bridgend"]
[Round "2.1"]
[Board "3"]
[Annotator "Home"]
[Result "0-1"]
[Date "2025.02.02"]
[WhiteElo "1947"]
[BlackElo "2053"]
[PlyCount "98"]
[GameId "2140950635983011"]
[EventDate "2025.02.02"]
[EventType "team-tourn"]
[EventCountry "WLS"]
[WhiteTeam "White Knights"]
[BlackTeam "Cardiff"]

{[%evp 0,98,13,32,39,0,39,17,46,46,53,49,45,42,30,38,32,14,35,27,24,27,28,33,30,42,91,42,-44,29,26,30,-6,9,53,-115,52,55,36,49,57,62,59,48,64,57,14,66,71,69,80,100,90,88,-1,75,91,118,97,59,218,33,94,121,54,14,72,34,28,162,24,24,141,1,1,-1,194,-1,190,22,-6,-105,-62,-92,-113,-112,-112,-112,-116,-108,-113,-105,-104,-138,-124,-357,-113,-364,-78,-438,-234]} 1. d4 e6 2. g3 f5 3. Bg2 Nf6 4. Nf3 Be7 5. c4 O-O 6. Nc3 d5 7. O-O c6 8. Bf4 Ne4 9. Ne5 Nd7 10. Nxe4 fxe4 11. Qb3 Nxe5 12. Bxe5 Bf6 13. cxd5 cxd5 14. f3 Bxe5 15. dxe5 exf3 16. exf3 Qc7 17. f4 Bd7 18. Rac1 {(=)} Bc6 19. Rf2 Qe7 20. Qe3 a5 21. a3 h6 22. Qd4 Kh8 23. Bh3 Rfe8 24. Re1 Rf8 25. f5 exf5 26. Bxf5 Bd7 27. Bxd7 Qxd7 28. e6 Qd6 29. e7 Rxf2 30. Qxf2 Re8 31. Qf7 Qb6+ 32. Kg2 Qxb2+ 33. Kh3 Qb5 34. Qf8+ Kh7 35. Qf5+ Kh8 36. Re6 Kg8 37. Rd6 Rxe7 38. Rd8+ Re8 39. Qe6+ Kf8 40. Qd6+ Kf7 41. Rd7+ Kg8 42. Qxd5+ Qxd5 43. Rxd5 b6 44. Rd2 Re3 45. Rd6 Rb3 46. Kg4 b5 47. Kf5 Kh7 48. Ke4 b4 49. Kf5 Rxa3 0-1

[Event "WCPL"]
[White "Tapp, James"]
[Black "Garcia, Jason"]
[Site "Bridgend"]
[Round "2.1"]
[Board "4"]
[Annotator "Home"]
[Result "0-1"]
[Date "2025.02.02"]
[WhiteElo "1984"]
[BlackElo "1993"]
[PlyCount "74"]
[GameId "2140952792281261"]
[EventDate "2025.02.02"]
[EventType "team-tourn"]
[EventCountry "WLS"]

{[%evp 0,74,12,39,8,11,19,0,19,4,11,12,7,20,16,13,14,19,28,32,31,74,14,14,-56,-4,-5,-11,11,0,-64,5,17,3,30,21,69,52,-14,55,64,75,88,53,68,61,-39,49,-20,12,28,-46,45,145,61,74,64,73,69,50,89,71,79,60,-1,100,99,110,-105,77,71,83,49,88,-1,-618,-648]} 1. d4 Nf6 2. Nf3 e6 3. g3 b6 4. Bg2 Bb7 5. O-O c5 6. dxc5 Bxc5 7. c4 O-O 8. Nc3 Be7 9. Qc2 a6 10. Rd1 Qc7 11. Qb3 d6 12. Be3 Nbd7 13. Rac1 Rab8 14. Bf4 Rfc8 15. Qa3 Ne5 16. b3 Bf8 17. Qb2 Nxf3+ 18. Bxf3 Bxf3 19. exf3 Qc6 20. Qe2 Rd8 21. a4 Rb7 22. Rd3 Rbd7 23. Bg5 Be7 24. Rcd1 h6 25. Be3 d5 26. cxd5 Nxd5 27. Nxd5 exd5 28. Bd4 b5 29. Rc3 Qb7 30. axb5 axb5 31. Ra1 Bf8 32. Ra7 Qb8 33. Rxd7 Rxd7 34. Rc6 b4 35. Qc2 Qe8 36. Kg2 Rd8 37. Qf5 Qxc6 0-1

[Event "WCPL"]
[White "Weatherlake, John P"]
[Black "Jukes, Sam"]
[Site "Bridgend"]
[Round "2.1"]
[Board "5"]
[Annotator "Home"]
[Result "0-1"]
[Date "2025.02.02"]
[WhiteElo "1927"]
[BlackElo "1951"]
[PlyCount "104"]
[GameId "2140953862709454"]
[EventDate "2025.02.02"]
[EventType "team-tourn"]
[EventCountry "WLS"]
[WhiteTeam "White Knights"]
[BlackTeam "Cardiff"]

{[%evp 0,82,11,21,-5,1,25,15,18,-8,42,37,52,39,100,56,47,51,13,73,61,60,102,102,106,126,112,126,103,105,158,173,159,114,26,99,103,85,87,89,89,254,89,95,74,75,95,99,96,85,81,79,80,73,112,60,66,19,88,58,51,97,58,22,71,71,68,31,32,44,216,62,40,123,185,159,178,61,121,27,0,-9,-15,-9,5]} 1. e4 e5 2. Nc3 Nf6 3. Nf3 Nc6 4. Bb5 d6 5. d4 Bd7 6. O-O exd4 7. Nxd4 Nxd4 8. Qxd4 c6 9. Be2 Be7 10. Bf4 Be6 11. Rad1 d5 12. exd5 Bxd5 13. Nxd5 Qxd5 14. Qa4 Qe4 15. Qxe4 Nxe4 16. Bg4 Nf6 17. Bf3 O-O 18. a3 Rad8 19. c4 Rxd1 20. Rxd1 Rd8 21. Rxd8+ Bxd8 22. b4 Ne8 23. b5 cxb5 24. cxb5 Bc7 25. Bc1 b6 26. Kf1 Kf8 27. Ke2 Ke7 28. Kd3 Ke6 29. h4 f5 30. Bd1 Be5 31. Bb3+ Kd6 32. a4 Nf6 33. a5 bxa5 34. Be3 Nd7 35. Bxa7 Nc5+ 36. Kc4 Ne4 37. Bb8+ Ke6 38. Kd3+ Kf6 39. Bxe5+ Kxe5 40. f4+ Kd6 41. Kd4 Nf6 42. Bd1 Nd5 43. g3 Nf6 44. h5 Ne4 45. g4 Nf2 46. Bc2 fxg4 47. Ke3 Nh3 48. Bxh7 g3 49. Be4 a4 50. Kf3 a3 51. Bb1 Nxf4 52. Kxg3 Ne2+ 0-1

[Event "WCPL"]
[White "Vikova, Anezka"]
[Black "May, Adam J"]
[Site "Bridgend"]
[Round "2.1"]
[Board "6"]
[Annotator "Home"]
[Result "1-0"]
[Date "2025.02.02"]
[WhiteElo "1959"]
[BlackElo "1888"]
[PlyCount "91"]
[GameId "2140955874631914"]
[EventDate "2025.02.02"]
[EventType "team-tourn"]
[EventCountry "WLS"]
[WhiteTeam "Cardiff"]
[BlackTeam "White Knights"]

{[%evp 0,91,18,28,36,23,27,16,22,23,19,20,16,15,28,35,27,41,37,23,31,43,30,12,32,18,10,14,4,18,-4,-27,10,1,6,48,10,-3,2,20,11,-5,3,-44,10,24,14,27,28,45,24,13,120,21,32,-4,33,147,199,201,197,200,239,165,158,160,190,139,187,244,325,319,354,357,322,327,273,359,408,384,304,390,372,388,545,496,749,878,1266,1413,29991,29992,29993,29994]} 1. e4 c6 2. Nc3 d5 3. Nf3 dxe4 4. Nxe4 Nf6 5. Qe2 Nxe4 6. Qxe4 Nd7 7. Bc4 Nf6 8. Ne5 e6 9. Qe2 b5 10. Bb3 Qc7 11. O-O Bd6 12. d4 O-O 13. Re1 a5 14. c3 c5 15. Qxb5 cxd4 16. cxd4 Ba6 17. Qa4 Rfb8 18. Bd1 Rb4 19. Qc6 Bb7 20. Qc3 Nd5 21. Qd2 a4 22. a3 Rb6 23. Qc2 Qd8 24. Bf3 Qh4 25. Re4 Qe7 26. Re2 Qh4 27. Be4 h6 28. Bh7+ Kf8 29. Nd7+ Ke8 30. g3 Qxd4 31. Nxb6 Qxb6 32. Be4 Kf8 33. Bg2 Bc5 34. Qh7 Rd8 35. Qh8+ Ke7 36. Qxg7 Ba6 37. Rc2 Nf6 38. Bf4 Rg8 39. Qxh6 Rg6 40. Qh4 Rg4 41. Qh3 Rg6 42. Rac1 Bxf2+ 43. Rxf2 Ng4 44. Rc7+ Kf8 45. Qh8+ Rg8 46. Bd6+ 1-0